000 00489nam a2200205Ia 4500
008 210210b2009 xxu||||| |||| 00| 0 eng d
020 _a9788190738545
041 _aeng
082 _a659.1 DEVA
100 _aDEVI (Meena) Ed
245 _aAdvertising and media management
260 _aNew Delhi
_bAlfa publication.
_c2009
300 _avi,292
650 _amedia
650 _amanagement
650 _aand
650 _aAdvertising
690 _aAdvertising
906 _a064001
999 _c139560
_d139560